00341 a2200133 450000100060000002000180000604000260002410000180005024000470006824500420011530000100015736200090016765000310017648368 a9788555430978 cAnchieta - Bela Vista aKunnas, Mauri10aAs sete maravilhas do Sr. Sonâmbulolpor10aAs sete maravilhas do Sr. Sonâmbulo a53 p.0 a2017 4aLiteratura infanto-juvenil